A companion to Latin literature /

""Essay after essay conveys the excitement of research into the ancient world, showing that nothing is settled, that there are always new questions and new ideas. The essays are lively and provocative, making representative use of source material and enticing readers to enter into the deba...

Full description

Bibliographic Details
Other Authors: Harrison, S. J.
Format: eBook
Language:English
Language Notes:English.
Published: Malden, MA : Blackwell Pub., ©2005.
Series:Blackwell companions to the ancient world. Literature and culture.
Subjects:
Online Access:Connect to the full text of this electronic book

MARC

Tag First Indicator Second Indicator Subfields
LEADER 00000nam a2200000 a 4500
001 in00005689290
005 20260214235851.6
006 m o d
007 cr cn|||||||||
008 071221s2005 maua obf 001 0deng d
035 |a wil6005422 
035 |a (NhCcYBP)wil6005422 
040 |a NhCcYBP  |b eng  |c NhCcYBP 
020 |a 9780470996683 
020 |a 0470996684 
020 |a 9781405161312 
020 |a 1405161310 
020 |a 1405137371  |q (electronic bk.) 
020 |a 9781405137379  |q (electronic bk.) 
020 |a 0631235299  |q (alk. paper) 
020 |a 9780631235293 
020 |a 1782684735 
020 |a 9781782684732 
020 |a 1280198702 
020 |a 9781280198700 
020 |a 9786610198702 
020 |a 6610198705 
020 |a 0470707410 
020 |a 9780470707418 
024 7 |a 10.1002/9780470996683  |2 doi 
037 |a 10.1002/9780470996683  |b Wiley InterScience  |n http://www3.interscience.wiley.com 
043 |a e------  |a ff-----  |a aw----- 
050 4 |a PA6004  |b .C66 2005eb 
072 7 |a TRV  |x 026090  |2 bisacsh 
072 7 |a LIT  |x 000000  |2 bisacsh 
082 0 4 |a 870.9/001  |2 22 
084 |a 18.46  |2 bcl 
245 0 2 |a A companion to Latin literature /  |c edited by Stephen Harrison. 
260 |a Malden, MA :  |b Blackwell Pub.,  |c ©2005. 
300 |a 1 online resource (xviii, 450 pages) :  |b illustrations 
336 |a text  |b txt  |2 rdacontent 
337 |a computer  |b c  |2 rdamedia 
338 |a online resource  |b cr  |2 rdacarrier 
347 |a data file 
380 |a Handbook 
490 1 |a Blackwell companions to the ancient world. Literature and culture 
504 |a Includes bibliographical references (pages 406-443) and index. 
505 0 |a Introduction : constructing Latin literature / Stephen Harrison -- The early republic : the beginnings to 90 BC / Sander M. Goldberg -- The late republican/triumviral period, 90-40 BC / D.S. Levene -- The Augustan period, 40BC-AD 14 / Joseph Farrell -- The early empire, AD 14-68 / Roland Mayer -- The high empire, AD 69-200 / Bruce Gibson -- Narrative epic / Philip Hardie -- Didactic epic / Monica Gale -- Roman tragedy / Elaine Fantham -- Comedy, atellane farce and mime / Costas Panayotakis -- Pastoral / Stephen Heyworth -- Love elegy / Roy Gibson -- Satire / Llewelyn Morgan -- Lyric and iambic / Stephen Harrison -- Epigram / Lindsay C. Watson -- The novel / Stephen Harrison -- Dialogues and treatises / J.G.F. Powell -- Historiography and biography / Christina Shuttleworth Kraus -- Oratory / D.H. Berry -- Epistolography / Catharine Edwards -- Decline and nostalgia / Stephen Harrison -- Art and text / Jaś Elsner -- The passions / Robert A. Kaster -- Sex and gender / A.M. Keith -- Friendship and patronage / David Konstan -- Romans and others / Yasmin Syed -- Marriage and family / Susan Treggiari -- Slavery and class / Thomas Habinek -- Centre and periphery / Alessandro Barchiesi. 
588 0 |a Print version record. 
520 |a ""Essay after essay conveys the excitement of research into the ancient world, showing that nothing is settled, that there are always new questions and new ideas. The essays are lively and provocative, making representative use of source material and enticing readers to enter into the debate themselves ... There is little to criticise in this volume ... This 'Companion' titillates the reader into thinking about Latin literature in excitingly new ways."" Scholia Reviews ""An invaluable source of assistance and instruction for students."" Reference Reviews ""I can warmly recommend this book, 
546 |a English. 
650 0 |a Latin literature  |x History and criticism  |v Handbooks, manuals, etc. 
650 0 |a Latin literature  |x Themes, motives  |v Handbooks, manuals, etc. 
650 0 |a Authors, Latin  |x Biography  |v Handbooks, manuals, etc. 
651 0 |a Rome  |x Intellectual life  |v Handbooks, manuals, etc. 
651 0 |a Rome  |x In literature  |v Handbooks, manuals, etc. 
650 0 |a Authors, Latin  |v Biography  |v Handbooks, manuals, etc. 
700 1 |a Harrison, S. J. 
776 0 8 |i Print version:  |t Companion to Latin literature.  |d Malden, MA : Blackwell Pub., ©2005  |z 0631235299  |z 9780631235293  |w (DLC) 2004005855 
830 0 |a Blackwell companions to the ancient world.  |p Literature and culture. 
856 4 0 |u http://proxy.library.tamu.edu/login?url=https://onlinelibrary.wiley.com/book/10.1002/9780470996683  |z Connect to the full text of this electronic book  |t 0 
891 |a .o11059734 
955 |a Wiley EBA record 
975 |p Wiley UBCM Full Collection 
976 |a 6005422 
999 f f |i 77ad2806-8810-47da-8f93-44f6d5878992  |s c6539a18-1612-4f40-b3dc-c96733ff2c45  |t 0 
952 f f |a Texas A&M University  |b College Station  |c Electronic Resources  |s evans_pda  |d Available Online  |t 0  |e PA6004 .C66 2005eb  |h Library of Congress classification 
998 f f |a PA6004 .C66 2005eb  |t 0  |l Available Online